دراسة تجريبية لتقييم بعض مواد الحماية السطحية للآثار العاجية المركبة مع التطبيق على نموذج مختار / (رقم التسجيلة. 180606)

تفاصيل مارك
000 -LEADER
fixed length control field 04913namaa22004211i 4500
003 - CONTROL NUMBER IDENTIFIER
control field OSt
005 - أخر تعامل مع التسجيلة
control field 20260623122417.0
008 - FIXED-LENGTH DATA ELEMENTS--GENERAL INFORMATION
fixed length control field 250827s2025 ua a|||frm||| 000 0 eng d
040 ## - CATALOGING SOURCE
Original cataloguing agency EG-GICUC
Language of cataloging ara
Transcribing agency EG-GICUC
Modifying agency EG-GICUC
Description conventions rda
041 0# - LANGUAGE CODE
Language code of text/sound track or separate title ara
Language code of summary or abstract ara
-- eng
049 ## - Acquisition Source
Acquisition Source إيداع
082 04 - DEWEY DECIMAL CLASSIFICATION NUMBER
Classification number 745.10288
092 ## - LOCALLY ASSIGNED DEWEY CALL NUMBER (OCLC)
Classification number 745.10288
Edition number 21
097 ## - Degree
Degree دكتـــــوراه‎
099 ## - LOCAL FREE-TEXT CALL NUMBER (OCLC)
Local Call Number Cai01.14.03.Ph.D.2025.لم.د
100 0# - MAIN ENTRY--PERSONAL NAME
Authority record control number or standard number ،لمياء محمود عبد الغني شعيب
Preparation إعداد.
245 10 - TITLE STATEMENT
Title دراسة تجريبية لتقييم بعض مواد الحماية السطحية للآثار العاجية المركبة مع التطبيق على نموذج مختار /
Statement of responsibility, etc. إعداد لمياء محمود عبد الغني شعيب؛ إشراف أ.د/ صفا عبدالقادر محمد حامد، أ.د/ محمد عبد الهادي محمد.
246 15 - VARYING FORM OF TITLE
Title proper/short title An experimental study for evaluation of surface protection materials used for the treatment of composite ivories with application on a selected object /
264 #0 - PRODUCTION, PUBLICATION, DISTRIBUTION, MANUFACTURE, AND COPYRIGHT NOTICE
Date of production, publication, distribution, manufacture, or copyright notice 2025.
300 ## - PHYSICAL DESCRIPTION
Extent 264 صفحة :
Other physical details إيضاحيات ؛
Dimensions 30 سم. +
Accompanying material CD.
336 ## - CONTENT TYPE
Content type term text
Source rda content
337 ## - MEDIA TYPE
Media type term Unmediated
Source rdamedia
338 ## - CARRIER TYPE
Carrier type term volume
Source rdacarrier
502 ## - DISSERTATION NOTE
Dissertation note أطروحة (دكتوراه)-جامعة القاهرة، 2025.
504 ## - BIBLIOGRAPHY, ETC. NOTE
Bibliography, etc. note ببليوجرافيا: صفحات 250-264.
520 ## - SUMMARY, ETC.
Summary, etc. تناولت فصول الرسالة الأربعة مضمون عنوانها كالآتي:؛ عرض أولها درسة ميدانية أتاحت 32 بطاقة بيانات لآثار عاجية مركبة مقتناة بمتحف قصر المنيل بالقاهرة بمجمل 31 قطعة من مجموعة متحف الصيد و 15 سلاح معدني أحدها سيف مسترد، وتضمن ثانيها تقييما تجريبيا لتلف أسطح عينات عاج مركب جراء اتصالها بالحديد والنحاس وأخشاب الجميز والصنوبر بعد تعريضها لظروف متلفة بالمقارنة مع عينة عاج غير متلفة ولا متصلة بهذه المواد باستخدام عدة فحوص وتحاليل، وتضمن ثالثها تقييما تجريبيا بفحوص وتحاليل عدة لفاعلية 15خليطا من مواد مختارة في معالجة الحماية السطحية للعاج قبل وبعد تقادم حراري معجل هي الكلوسل E مع السيليلوز النانوي والبلورات النانوية لاكسيد الزنك والهيدروكسي اباتيت النانوي (الذي جرب منفردا ومع الجيلاتين النانوي والمستحلب النانوي لزيت شجر الشاي)، كان أكثرها فاعلية خليط متجانس في التركيب الكيميائي مع العاج من الجيلاتين النانوي والهدروكسي أباتيت النانوي، ثم اختتمت الدراسة بفصلها الربع والأخير الذي عرض تطبيقات الترميم والصيانة على تحفة مختارة من المجموعة (هي ناب حوت كركدن البحر برقم أثر 694). وتلا الفصول عرض نتائج الرسالة والتوصيات
520 ## - SUMMARY, ETC.
Summary, etc. The thesis consists of four chapters includes the following: A field inventory provided 32 data cards for composite ivories kept in Almanial Palace Museum in Cairo. Then an experimental evaluation of the surface damage of composite ivory samples due to contact with iron, copper, sycamore, and pine wood after exposing them to damaging conditions. Then an experimental evaluation of the effectiveness of 15 surface protection mixtures of ivory before and after accelerated thermal aging, namely, klucel E with nanocellulose, zinc oxide nanocrystals and nanohydroxyapatite (which was tested alone and with nanogelatin and nanoemulsion of tea tree oil). A mixture of nanogelatin and nanohydroxyapatite was the most effective. And the cleaning of narwhal tusk (number 694). The study ends with conclusions and recommendations.
530 ## - ADDITIONAL PHYSICAL FORM AVAILABLE NOTE
Issues CD صدر أيضًا كقرص مدمج.
546 ## - LANGUAGE NOTE
Text Language النص بالعربية والملخص باللغة الإنجليزية والعربية.
650 #7 - SUBJECT ADDED ENTRY--TOPICAL TERM
Topical term or geographic name entry element ترميم الآثار
Source of heading or term qrmak
653 #0 - INDEX TERM--UNCONTROLLED
Uncontrolled term العاج الأثري المركب
-- قصر المنيل
-- متحف الصيد
700 0# - ADDED ENTRY--PERSONAL NAME
Personal name صفا عبدالقادر محمد حامد
Relator term مشرف أطروحة.
700 0# - ADDED ENTRY--PERSONAL NAME
Personal name محمد عبد الهادي محمد
Relator term مشرف أطروحة.
900 ## - Thesis Information
Grant date 11-03-2025
Supervisory body صفا عبدالقادر محمد حامد
-- محمد عبد الهادي محمد
Discussion body مصطفى عطية محي
-- وائل صبري محمد
Universities جامعة القاهرة
Faculties كلية الآثار
Department قسم ترميم الآثار
905 ## - Cataloger and Reviser Names
Cataloger Name Sara Salah
942 ## - ADDED ENTRY ELEMENTS (KOHA)
Source of classification or shelving scheme Dewey Decimal Classification
Koha item type Thesis
Edition 21
Suppress in OPAC No
المقتنيات
Source of classification or shelving scheme Home library Current library Date acquired Inventory number Full call number Barcode Date last seen Effective from Koha item type
Dewey Decimal Classification المكتبة المركزبة الجديدة - جامعة القاهرة قاعة الرسائل الجامعية - الدور الاول 23.06.2026 33273 Cai01.14.03.Ph.D.2025.لم.د 01010100033273000 23.06.2026 23.06.2026 Thesis
Cairo University Libraries Portal Implemented & Customized by: Eng. M. Mohamady Contacts: new-lib@cl.cu.edu.eg | cnul@cl.cu.edu.eg
CUCL logo CNUL logo
© All rights reserved — Cairo University Libraries
CUCL logo
Implemented & Customized by: Eng. M. Mohamady Contact: new-lib@cl.cu.edu.eg © All rights reserved — New Central Library
CNUL logo
Implemented & Customized by: Eng. M. Mohamady Contact: cnul@cl.cu.edu.eg © All rights reserved — Cairo National University Library